Ч. 2; История мировых цивилизаций

Dades bibliogràfiques
Parent link:История мировых цивилизаций/ Ма Ке. Ч. 2.— , 2004.— 7-301-07707-6
Idioma:xinès
Publicat: 2004
Matèries:
Format: Llibre
KOHA link:https://koha.lib.tpu.ru/cgi-bin/koha/opac-detail.pl?biblionumber=118350

MARC

LEADER 00000nam2a2200000 4500
001 118350
005 20231031124110.0
035 |a (RuTPU)RU\TPU\book\128070 
035 |a RU\TPU\book\128005 
090 |a 118350 
100 |a 20070609d2004 m y0chiy50 ea 
101 0 |a chi 
102 |a CN 
105 |a a z 000zy 
200 0 |a Ч. 2 
210 |d 2004 
215 |a 636 с.  |c ил. 
461 1 |0 (RuTPU)RU\TPU\book\128474  |y 7-301-07707-6  |t История мировых цивилизаций  |f Ма Ке  |v Ч. 2  |d 2004 
606 1 |a Всеобщая история  |2 stltpush  |3 (RuTPU)RU\TPU\subj\3762 
610 1 |a мировые цивилизации 
610 1 |a история 
610 1 |a Россия 
610 1 |a исламский мир 
610 1 |a западные цивилизации 
610 1 |a Китай 
610 1 |a Япония 
610 1 |a культура 
610 1 |a глобализация 
686 |a Т3(0)  |2 rubbk 
801 1 |a RU  |b 63413507  |c 20070609  |g PSBO 
801 2 |a RU  |b 63413507  |c 20220531  |g PSBO 
942 |c BK